Internet business models and strategies : text and cases /

محفوظ في:
التفاصيل البيبلوغرافية
المؤلف الرئيسي: Afuah, Allan
التنسيق: كتاب
اللغة:Vietnamese
منشور في: Irwin/McGraw- Hill 2001
الوسوم: إضافة وسم
لا توجد وسوم, كن أول من يضع وسما على هذه التسجيلة!
Thư viện lưu trữ: Mạng thư viện Đại học Đà Nẵng
LEADER 00663nam a2200265 4500
001 000026971
003 AF-AG
005 20150403120000.0
008 150403s vm 000 vie
020 |c 0,0000 
040 |a notts 
100 |a Afuah, Allan 
245 |a Internet business models and strategies : text and cases /  |c Allan Afuah, Christopher L. Tucci. 
260 |b Irwin/McGraw- Hill  |c 2001 
OWN |a LTT 
999 |a From the UDN01 
TYP |a Monograph 
TYP |a Printed language 
980 |a Mạng thư viện Đại học Đà Nẵng